00525nam a2200193Ia 4500003000900000008004100009040001300050040001300063041000800076100002200084245012700106250000900233260002600242260000900268300001100277300001000288490002700298490000600325IT-RoPAU120407s9999 xx 000 0 und d aIT-RoPAU cIT-RoPAU aita aVincenzo Iannuzzi aI Papi e i mass media. Discorsi di Pio XII, Giovanni XXIII, Paolo VI e Giovanni Paolo II sulla comunicazione sociale. aRoma aEnte dello spettacolo c1987 a297 p. c21 cm aImmagini allo specchio v6